000 00405nam a2200157Ia 4500
008 210716s2004 xx 000 0 und d
020 _a0072523514
041 _aeng
082 _a657.046 HOYJ
100 _aHoyle, Joe B;Schaefer, Thomas F;Doupnik, Timothy S.
245 _aAdvanced accounting.
250 _a7
260 _aNew Delhi
_bIrwin
_c2004
300 _axxii,901
650 _aCost Accounting
999 _c203011
_d203011